000 00315nam a22001337a 4500
008 170529b xxu||||| |||| 00| 0 eng d
020 _a639785401162
041 _aeng
080 _25TH
_a621
100 _a27
101 _aIM
245 _aENGINEERING MECHANICS STATICS AND DYNAMICS
_cNELSON,E.W
942 _2udc
_cBK
999 _c14807
_d14807